Statistiques concernant C'est Pixar ?

Cliquez ici pour prendre le quiz!

Statistiques générales

  • Ce quiz a été pris 176 fois
  • Le résultat moyen est 13 sur 16

Statistiques - réponses

Question Tile Select? % Correct
Ces "Classiques Disney" sont-ils des Pixar ?La Princesse et la Grenouille
95%
Ces "Classiques Disney" sont-ils des Pixar ?Raiponce
95%
Ces "Classiques Disney" sont-ils des Pixar ?Vaiana, la Légende du Bout du Monde
94%
Ces "Classiques Disney" sont-ils des Pixar ?Monstres & Cie
93%
Ces "Classiques Disney" sont-ils des Pixar ?Lilo & Stitch
91%
Ces "Classiques Disney" sont-ils des Pixar ?Frère des Ours
91%
Ces "Classiques Disney" sont-ils des Pixar ?Toy Story
90%
Ces "Classiques Disney" sont-ils des Pixar ?Wall-E
89%
Ces "Classiques Disney" sont-ils des Pixar ?Toy Story 3
88%
Ces "Classiques Disney" sont-ils des Pixar ?Cars 2
88%
Ces "Classiques Disney" sont-ils des Pixar ?Les Indestructibles
86%
Ces "Classiques Disney" sont-ils des Pixar ?Le Monde de Dory
85%
Ces "Classiques Disney" sont-ils des Pixar ?Zootopie
76%
Ces "Classiques Disney" sont-ils des Pixar ?Les Mondes de Ralph
69%
Ces "Classiques Disney" sont-ils des Pixar ?Ratatouille
69%
Ces "Classiques Disney" sont-ils des Pixar ?Planes
47%

Distribution des résultats

Percentile par nombre de réponses

% des personnes avec chaque résultat

Votre développement - résultats

Vous n’avez pas pris ce quiz